000 00905nam a2200229 i 4500
001 115778
003 ES-MaACL
005 20240227093516.0
007 t|
008 070511s1980 sp ||||1| spa d
020 _a84-323-0393-3
080 _a930(460)(063)
245 0 0 _aHistoriografía española contemporánea
_b: Balance y resumen [del] X Coloquio del Centro de Investigaciones Hispánicas de la Universidad de Pau $c por Manuel Tuñón de Lara... [et al.].
250 _a[1ª] ed.
260 _aMadrid :
_bSiglo XXI de España,
_c1980.
300 _a498 p. ;
_c21 cm.
650 4 _aHistoriografía-
_zEspaña-
_vCongresos y asambleas.
_913442
700 0 _aTuñón de Lara, Manuel,
_d1915-1997
_9111681
711 2 _aColoquio del Centro de Investigaciones Hispánicas de la Universidad de Pau (
_n10º.
_d1979.
_cPau)
_995
852 _aES-MaACL
_jL-593
_bR.101175
999 _c115778
_d115778